000 00486cam a22002051 4500
001 sa 68007484
003 DLC
005 20260227112523.0
008 881028s1968 xx 000 0 beno
010 _asa 68007484
035 _a(OCoLC)23542045
040 _aDLC
_cMiU
_dDLC
042 _apremarc
050 0 0 _aPK1718.C423
_bS25
100 1 _aChatterjee, Hari Narayan,
_d1916-
245 1 0 _aSatī asatī.
260 _c[1968]
300 _a190 p.
_c22 cm.
500 _aRomanized.
999 _c81838
_d81838